[Event "Grand Pacific op"]
[Site "Victoria CAN"]
[Date "2014.04.20"]
[Round "5.7"]
[White "Sohal, Tanraj"]
[Black "Kagaoan, Jose"]
[Result "1-0"]
[WhiteElo "2355"]
[BlackElo "2003"]
[PlyCount "60"]
[EventDate "2014.04.18"]
[EventType "swiss"]
[EventRounds "6"]
[EventCountry "CAN"]

1. d4 d6 2. Nf3 g6 3. c4 Bg7 4. Nc3 Nh6 5. e4 f6 6. h4 Bg4 7. Be2 Nf7 8. d5 c5
9. Ng1 Bc8 10. Nh3 Na6 11. f4 Nc7 12. Qc2 a6 13. f5 Bd7 14. Nf4 Ne5 15. h5 Qc8
16. h6 Bf8 17. Ne6 Bxe6 18. fxe6 Kd8 19. Bd2 g5 20. Nd1 Rb8 21. Ne3 Rg8 22. b4
Rg6 23. bxc5 Rxh6 24. Rxh6 Bxh6 25. cxd6 Nxe6 26. dxe7+ Kxe7 27. Nf5+ Kd8 28.
dxe6 Bf8 29. O-O-O Ba3+ 30. Kb1 Kc7 1-0

[Event "Grand Pacific op"]
[Site "Victoria CAN"]
[Date "2014.04.20"]
[Round "5.8"]
[White "Doknjas, Joshua"]
[Black "Yoos, John"]
[Result "1-0"]
[WhiteElo "2004"]
[BlackElo "2394"]
[PlyCount "77"]
[EventDate "2014.04.18"]
[EventType "swiss"]
[EventRounds "6"]
[EventCountry "CAN"]

1. e4 c5 2. Nf3 d6 3. Bb5+ Nd7 4. O-O a6 5. Bd3 Ngf6 6. c3 Qc7 7. Bc2 d5 8. d3
e5 9. exd5 Nxd5 10. Bb3 N7f6 11. Nxe5 Bd6 12. Nf3 O-O 13. Bg5 Bg4 14. h3 Bh5
15. Nbd2 Rfe8 16. Re1 Bf4 17. Bxf6 Nxf6 18. Ne4 Nd7 19. g4 Bg6 20. Nh4 Rad8 21.
Nxg6 hxg6 22. Qf3 g5 23. Nxg5 Rf8 24. Nxf7 c4 25. Bxc4 Rxf7 26. Bxf7+ Kxf7 27.
Re4 g5 28. Rae1 Qd6 29. Re7+ Kf8 30. Qe4 Nf6 31. Qxb7 Qd5 32. Qxa6 Bd6 33. R7e6
Ne8 34. Qc4 Nc7 35. Rf6+ Kg7 36. Rf5 Qxc4 37. Rxg5+ Kf7 38. Rf5+ Kg6 39. dxc4
1-0

[Event "Grand Pacific op"]
[Site "Victoria CAN"]
[Date "2014.04.20"]
[Round "5.9"]
[White "Day, Lawrence"]
[Black "Wu, Ruining (Ray)"]
[Result "0-1"]
[WhiteElo "2237"]
[BlackElo "2050"]
[PlyCount "43"]
[EventDate "2014.04.18"]
[EventType "swiss"]
[EventRounds "6"]
[EventCountry "CAN"]

1. e4 c5 2. Nf3 d6 3. Nc3 Nf6 4. Bc4 e6 5. a3 a6 6. d4 cxd4 7. Nxd4 Be7 8. Ba2
O-O 9. Be3 b5 10. Qf3 Bb7 11. Qh3 Nc6 12. Nxc6 Bxc6 13. f3 a5 14. O-O Qc7 15.
Rfc1 b4 16. axb4 axb4 17. Ne2 d5 18. exd5 Bxd5 19. c4 bxc3 20. Nxc3 Bxa2 21.
Nxa2 Qe5 22. Rc3 0-1

[Event "Grand Pacific op"]
[Site "Victoria CAN"]
[Date "2014.04.20"]
[Round "5.10"]
[White "Yu, Rinna"]
[Black "Patterson, Roger"]
[Result "0-1"]
[WhiteElo "1591"]
[BlackElo "2108"]
[PlyCount "96"]
[EventDate "2014.04.18"]
[EventType "swiss"]
[EventRounds "6"]
[EventCountry "CAN"]

1. e4 c5 2. Nf3 d6 3. Nc3 Nc6 4. d4 cxd4 5. Nxd4 Nf6 6. Be2 e6 7. Be3 Be7 8.
O-O O-O 9. h3 a6 10. Qd2 Qc7 11. a4 Bd7 12. f4 Nxd4 13. Bxd4 e5 14. Be3 Bc6 15.
Bf3 exf4 16. Bxf4 Nd7 17. Nd5 Bxd5 18. exd5 Bf6 19. Qb4 Be5 20. Be3 Rae8 21.
Rae1 Qxc2 22. Qxb7 Nc5 23. Qc6 Rc8 24. Qb6 Qxa4 25. Kh1 Nd3 26. Ra1 Qh4 27. Bg4
Qg3 28. Bg1 Rc2 29. Bf3 Rxb2 30. Qe3 Nc5 31. Rfb1 Rfb8 32. Rxb2 Rxb2 33. Rf1 a5
34. Qa3 a4 35. Qe3 g6 36. Qe1 Qxe1 37. Rxe1 Nb3 38. Bd1 a3 39. Bxb3 Rxb3 40.
Bh2 a2 41. Bxe5 dxe5 42. Kh2 Rb1 43. Rxe5 a1=Q 44. Re8+ Kg7 45. d6 Rh1+ 46. Kg3
Qa3+ 47. Kf2 Qxd6 48. Re2 Qf4# 0-1

[Event "Grand Pacific op"]
[Site "Victoria CAN"]
[Date "2014.04.20"]
[Round "5.11"]
[White "McLaren, Brian"]
[Black "Xiao, Alice"]
[Result "1-0"]
[WhiteElo "2102"]
[BlackElo "1940"]
[PlyCount "107"]
[EventDate "2014.04.18"]
[EventType "swiss"]
[EventRounds "6"]
[EventCountry "CAN"]

1. Nf3 d5 2. c4 e6 3. g3 Nf6 4. Bg2 Be7 5. b3 c5 6. cxd5 Nxd5 7. O-O Bf6 8. d4
cxd4 9. Nxd4 O-O 10. Bb2 Qb6 11. Na3 Bd7 12. Nc4 Qa6 13. Bxd5 exd5 14. Ne3 Bh3
15. Re1 Rd8 16. Qd2 Nc6 17. Nxc6 Qxc6 18. Rac1 Qe6 19. Bxf6 Qxf6 20. Nxd5 Qe5
21. e4 f5 22. Qf4 Qxf4 23. Nxf4 Bg4 24. exf5 Bxf5 25. Re5 Bd7 26. Nd5 Kf8 27.
Rce1 Rac8 28. R5e3 Rc2 29. Rf3+ Kg8 30. Ne7+ Kh8 31. Rd1 Rc7 32. Rfd3 g6 33. g4
Kg7 34. Nd5 Bb5 35. Nxc7 Rxd3 36. Rxd3 Bxd3 37. f4 Kf6 38. Kf2 Ke7 39. Ke3 Bf1
40. Nd5+ Ke6 41. Kd4 b6 42. h4 Bh3 43. Ne3 h5 44. gxh5 gxh5 45. Ke4 Kf6 46. f5
b5 47. b4 Ke7 48. Kf4 Kf6 49. Nd5+ Kf7 50. Kg5 Bg4 51. Nf6 Be2 52. Nxh5 Bxh5
53. Kxh5 Kf6 54. Kg4 1-0

[Event "Grand Pacific op"]
[Site "Victoria CAN"]
[Date "2014.04.20"]
[Round "5.16"]
[White "Burrows, Zachary"]
[Black "Crook, David"]
[Result "1-0"]
[WhiteElo "2068"]
[BlackElo "1843"]
[PlyCount "83"]
[EventDate "2014.04.18"]
[EventType "swiss"]
[EventRounds "6"]
[EventCountry "CAN"]

1. e4 e5 2. f4 d5 3. exd5 exf4 4. Nf3 Bg4 5. Nc3 Qe7+ 6. Qe2 Bxf3 7. gxf3 Nd7
8. d4 g5 9. Bd2 O-O-O 10. Qxe7 Bxe7 11. Ne4 f5 12. Nf2 Bf6 13. c3 Re8+ 14. Kd1
Ne7 15. Bh3 Nb6 16. d6 cxd6 17. Ne4 Kc7 18. Nxf6 Ref8 19. Nh5 Rhg8 20. Re1 Ned5
21. c4 Nf6 22. Re7+ Kb8 23. Nxf6 Rxf6 24. Rc1 h6 25. Bf1 Rc8 26. b3 Rc7 27.
Rxc7 Kxc7 28. Ba5 Kd7 29. d5 h5 30. Rc2 Nc8 31. Rg2 Rg6 32. h4 g4 33. Bd2 Ne7
34. Bd3 Kc7 35. Bxf4 gxf3 36. Rxg6 Nxg6 37. Bg5 Ne5 38. Bxf5 a6 39. Bf4 f2 40.
Ke2 Nf3 41. Kxf2 Nxh4 42. Be4 1-0

[Event "Grand Pacific op"]
[Site "Victoria CAN"]
[Date "2014.04.20"]
[Round "5.22"]
[White "Shao, Nathan"]
[Black "Sutherland, Daniel"]
[Result "0-1"]
[WhiteElo "1849"]
[BlackElo "1645"]
[PlyCount "40"]
[EventDate "2014.04.18"]
[EventType "swiss"]
[EventRounds "6"]
[EventCountry "CAN"]

1. e4 d5 2. exd5 Nf6 3. c4 e6 4. dxe6 Bxe6 5. Nf3 Nc6 6. Be2 Bc5 7. O-O O-O 8.
a3 Nd4 9. Nxd4 Qxd4 10. d3 Rfe8 11. Qc2 Bg4 12. Nc3 Rad8 13. b4 Bxe2 14. Nxe2
Qxa1 15. Bb2 Bxf2+ 16. Kxf2 Ng4+ 17. Kg3 Qxf1 18. Nf4 Nh6 19. Qd2 c6 20. h3
Qe1+ 0-1

[Event "Grand Pacific op"]
[Site "Victoria CAN"]
[Date "2014.04.20"]
[Round "5.24"]
[White "Tate, Bill"]
[Black "Escandor, Manuel"]
[Result "1-0"]
[WhiteElo "1547"]
[BlackElo "1711"]
[PlyCount "79"]
[EventDate "2014.04.18"]
[EventType "swiss"]
[EventRounds "6"]
[EventCountry "CAN"]

1. d4 Nf6 2. Nf3 d5 3. e3 g6 4. Nbd2 Bg7 5. Bd3 Nc6 6. c3 Bd7 7. O-O O-O 8. e4
dxe4 9. Nxe4 Nd5 10. Bg5 a6 11. a3 b5 12. h3 Qc8 13. Kh2 f6 14. Be3 Na5 15. Nc5
Bc6 16. Rc1 Nb6 17. Nh4 Rd8 18. Qc2 f5 19. Nxf5 gxf5 20. Bxf5 Bd7 21. Bxh7+ Kh8
22. Qg6 Be8 23. Qc2 Bf7 24. Rce1 Nb7 25. Nxb7 Qxb7 26. Bf4 Nd5 27. Be4 c6 28.
Bg3 Nf6 29. Re3 Qd7 30. Rfe1 Bh6 31. Bf5 e6 32. Bxe6 Bxe6 33. Rxe6 Bg7 34. Re7
Qd5 35. Qg6 Qg8 36. Be5 Rf8 37. Re4 Qh7 38. Rh4 Ng4+ 39. Qxg4 Bxe5+ 40. dxe5
1-0

[Event "Grand Pacific op"]
[Site "Victoria CAN"]
[Date "2014.04.21"]
[Round "6.1"]
[White "Villavieja, Butch"]
[Black "Berry, Jonathan"]
[Result "0-1"]
[WhiteElo "2302"]
[BlackElo "2236"]
[PlyCount "80"]
[EventDate "2014.04.18"]
[EventType "swiss"]
[EventRounds "6"]
[EventCountry "CAN"]

1. e4 c6 2. d4 d5 3. exd5 cxd5 4. Bd3 Nc6 5. c3 g6 6. Nf3 Bg7 7. O-O Nh6 8. Bf4
O-O 9. Re1 f6 10. Bxh6 Bxh6 11. Nbd2 e5 12. dxe5 fxe5 13. Nxe5 Qb6 14. Ndf3
Nxe5 15. Rxe5 Qxb2 16. Rxd5 Qxc3 17. Rb1 Be6 18. Rd6 Bxa2 19. Rxb7 Rfb8 20. Be4
Bf8 21. Rd3 Qf6 22. Rdd7 Rxb7 23. Bxb7 Rb8 24. Bd5+ Bxd5 25. Qxd5+ Kh8 26. h4
a5 27. g3 a4 28. Ng5 Bg7 29. Kg2 h6 30. Ne6 Rb2 31. Rd8+ Kh7 32. Nf4 h5 33. Rd7
a3 34. Ra7 Qb6 35. Rxg7+ Kxg7 36. Ne6+ Kf6 37. Nd4 Qb7 38. Nc6 Rb6 39. Qf3+ Kg7
40. Qc3+ Kh7 0-1

[Event "Grand Pacific op"]
[Site "Victoria CAN"]
[Date "2014.04.21"]
[Round "6.2"]
[White "Kostadinov, Georgi"]
[Black "Lessler, Peter"]
[Result "0-1"]
[WhiteElo "2223"]
[BlackElo "2216"]
[PlyCount "74"]
[EventDate "2014.04.18"]
[EventType "swiss"]
[EventRounds "6"]
[EventCountry "CAN"]

1. d4 Nf6 2. c4 e6 3. g3 d5 4. Bg2 Be7 5. Nf3 O-O 6. O-O dxc4 7. Nbd2 b5 8. Ne5
Nd5 9. a4 c6 10. Ne4 Bb7 11. Bd2 Nd7 12. Nxd7 Qxd7 13. b3 cxb3 14. Qxb3 Nb6 15.
a5 Na4 16. Bb4 c5 17. dxc5 Bd5 18. Qc2 Qc6 19. Bf3 Rac8 20. Rac1 Rfd8 21. Rfd1
a6 22. h4 h6 23. Qb1 Rc7 24. Bd2 f5 25. Bf4 fxe4 26. Bxc7 Rd7 27. Bd6 exf3 28.
Qg6 Bxd6 29. cxd6 fxe2 30. Re1 Nc3 31. Qe8+ Kh7 32. h5 Be4 33. f3 Bd3 34. Qxe6
Qxf3 35. Qh3 Qe3+ 36. Kh1 Ne4 37. Kg2 Qf2+ 0-1

[Event "Grand Pacific op"]
[Site "Victoria CAN"]
[Date "2014.04.21"]
[Round "6.3"]
[White "Cao, Jason"]
[Black "Nguyen, Kim"]
[Result "1-0"]
[WhiteElo "2297"]
[BlackElo "2231"]
[PlyCount "53"]
[EventDate "2014.04.18"]
[EventType "swiss"]
[EventRounds "6"]
[EventCountry "CAN"]

1. e4 c5 2. Nf3 d6 3. d4 cxd4 4. Nxd4 Nf6 5. Nc3 a6 6. Be3 e5 7. Nb3 Be7 8. f3
Be6 9. Qd2 O-O 10. O-O-O a5 11. a4 Nc6 12. g4 Nb4 13. Kb1 Rc8 14. g5 Nh5 15.
Rg1 d5 16. exd5 Bf5 17. Rc1 b6 18. Bb5 Qd6 19. Rgd1 Rfd8 20. Ne4 Qxd5 21. Bxb6
Bxe4 22. fxe4 Qxd2 23. Nxd2 Rd6 24. Nc4 Rg6 25. Bxa5 Nc6 26. Bd2 f6 27. Nb6 1-0

[Event "Grand Pacific op"]
[Site "Victoria CAN"]
[Date "2014.04.21"]
[Round "6.4"]
[White "Sasata, Robert"]
[Black "Patterson, Roger"]
[Result "1/2-1/2"]
[WhiteElo "2385"]
[BlackElo "2108"]
[PlyCount "63"]
[EventDate "2014.04.18"]
[EventType "swiss"]
[EventRounds "6"]
[EventCountry "CAN"]

1. d4 f5 2. Nc3 g6 3. h4 h6 4. e4 e6 5. Bd3 Qf6 6. exf5 gxf5 7. Qh5+ Qf7 8. Qf3
Nc6 9. Nge2 Bg7 10. Nb5 d6 11. c3 a6 12. Na3 Bd7 13. Ng3 Nf6 14. Bd2 O-O 15.
O-O Kh8 16. b4 Ng4 17. Ne2 e5 18. Bc4 Qe7 19. g3 f4 20. Rae1 Qf6 21. Bxf4 exf4
22. Nxf4 Rae8 23. Qd1 Bf5 24. Qd2 Nxd4 25. cxd4 Qxd4 26. Qc1 Ne5 27. Rd1 Nf3+
28. Kh1 Qe5 29. Rd5 Qb2 30. Bd3 Qxc1 31. Rxc1 Bxd3 32. Rxd3 1/2-1/2

[Event "Grand Pacific op"]
[Site "Victoria CAN"]
[Date "2014.04.21"]
[Round "6.5"]
[White "Wu, Ruining (Ray)"]
[Black "Sohal, Tanraj"]
[Result "0-1"]
[WhiteElo "2050"]
[BlackElo "2355"]
[PlyCount "96"]
[EventDate "2014.04.18"]
[EventType "swiss"]
[EventRounds "6"]
[EventCountry "CAN"]

1. d4 d5 2. c4 e6 3. Nf3 c6 4. e3 Nf6 5. b3 Nbd7 6. Bb2 b6 7. Bd3 Bb7 8. Nbd2
c5 9. O-O Be7 10. Ne5 cxd4 11. exd4 dxc4 12. Ndxc4 O-O 13. Rc1 Rc8 14. Bb1 b5
15. Ne3 Rxc1 16. Qxc1 Nb6 17. Nc6 Bxc6 18. Qxc6 b4 19. Qc2 g6 20. Rd1 Nfd5 21.
Nc4 Bf6 22. a4 Qc7 23. Nxb6 Qxb6 24. Qc4 Rd8 25. Be4 a5 26. g3 Kg7 27. Kg2 Qb7
28. Bf3 Rc8 29. Bxd5 Qxd5+ 30. Qxd5 exd5 31. Rd2 h5 32. f3 g5 33. Kf2 g4 34.
Re2 Kg6 35. Rd2 Bg5 36. f4 Bf6 37. Re2 Kf5 38. Ke1 h4 39. Kf2 Rc6 40. Kg2 Re6
41. Kf2 Rxe2+ 42. Kxe2 hxg3 43. hxg3 Ke4 44. Bc1 Bxd4 45. Bd2 f5 46. Be1 Bb6
47. Bd2 d4 48. Be1 d3+ 0-1

[Event "Grand Pacific op"]
[Site "Victoria CAN"]
[Date "2014.04.21"]
[Round "6.6"]
[White "Doknjas, John"]
[Black "McLaren, Brian"]
[Result "1/2-1/2"]
[WhiteElo "2127"]
[BlackElo "2102"]
[PlyCount "37"]
[EventDate "2014.04.18"]
[EventType "swiss"]
[EventRounds "6"]
[EventCountry "CAN"]

1. d4 d5 2. c4 e6 3. Nc3 c6 4. cxd5 exd5 5. Bf4 Nf6 6. e3 Bf5 7. Nge2 Be7 8.
Ng3 Be6 9. Bd3 Nbd7 10. O-O O-O 11. Nf5 Bxf5 12. Bxf5 Re8 13. Qc2 Nf8 14. h3
Bd6 15. Bxd6 Qxd6 16. Rab1 g6 17. Bd3 Ne6 18. b4 Rac8 19. Qd2 1/2-1/2

[Event "Grand Pacific op"]
[Site "Victoria CAN"]
[Date "2014.04.21"]
[Round "6.7"]
[White "Wu, Howard"]
[Black "Doknjas, Joshua"]
[Result "1-0"]
[WhiteElo "2236"]
[BlackElo "2004"]
[PlyCount "105"]
[EventDate "2014.04.18"]
[EventType "swiss"]
[EventRounds "6"]
[EventCountry "CAN"]

1. e4 c5 2. Nf3 Nc6 3. d4 cxd4 4. Nxd4 e5 5. Nb5 d6 6. N1c3 a6 7. Na3 b5 8. Nd5
Nce7 9. c4 Nxd5 10. cxd5 f5 11. exf5 Bxf5 12. Bd3 Qd7 13. O-O g6 14. Nc2 Nf6
15. Bg5 Bg7 16. Bxf5 Qxf5 17. Bxf6 Bxf6 18. Ne3 Qd7 19. Rc1 O-O 20. Rc6 Rfc8
21. Qf3 Bg5 22. Rfc1 Rf8 23. Qe2 Rf7 24. R1c2 Raf8 25. Nd1 e4 26. h4 Bf4 27.
Ne3 Bxe3 28. Qxe3 Qg4 29. Re2 Qxh4 30. Rxd6 Qe7 31. Re6 Qc7 32. Rxe4 Qd6 33.
Qd4 Rf5 34. Re7 Qf6 35. Qxf6 R5xf6 36. f3 Rd6 37. R7e5 Rfd8 38. Rd2 Kf7 39. Kf2
Kf6 40. f4 R8d7 41. Ke3 Re7 42. Rxe7 Kxe7 43. Ke4 Rf6 44. g4 Kd7 45. Ke5 Rf8
46. Rh2 Rf7 47. d6 a5 48. f5 gxf5 49. gxf5 Kd8 50. Ke6 Rg7 51. f6 Rg1 52. Rxh7
Re1+ 53. Kd5 1-0

[Event "Grand Pacific op"]
[Site "Victoria CAN"]
[Date "2014.04.21"]
[Round "6.8"]
[White "Rohonyan, Katerina"]
[Black "Murray, Michael"]
[Result "0-1"]
[WhiteElo "2351"]
[BlackElo "1994"]
[PlyCount "86"]
[EventDate "2014.04.18"]
[EventType "swiss"]
[EventRounds "6"]
[EventCountry "CAN"]

1. e4 Nc6 2. Nf3 e6 3. d4 d5 4. Nc3 Nf6 5. Bd3 Nb4 6. O-O Nxd3 7. Qxd3 Be7 8.
Bf4 O-O 9. Rfe1 dxe4 10. Nxe4 b6 11. Nfg5 Nd5 12. Bd2 f5 13. Qh3 h6 14. Nxe6
fxe4 15. Bxh6 Bxe6 16. Qxe6+ Rf7 17. c4 Nf6 18. Bf4 Bd6 19. Be5 Qe8 20. Qf5 Rd8
21. Bxf6 Rxf6 22. Qxe4 Qxe4 23. Rxe4 Rf4 24. Rae1 Rxe4 25. Rxe4 Bc5 26. d5 c6
27. Kf1 cxd5 28. cxd5 Rxd5 29. Ke2 Kf7 30. b4 Rd4 31. Rxd4 Bxd4 32. f4 Ke6 33.
g4 b5 34. Kd3 Kd5 35. h4 Bf2 36. h5 Bg3 37. Ke3 Be1 38. a3 Bc3 39. g5 Ke6 40.
Ke4 Bb2 41. f5+ Kf7 42. Kd5 Bxa3 43. Kc5 Bc1 0-1

[Event "Grand Pacific op"]
[Site "Victoria CAN"]
[Date "2014.04.21"]
[Round "6.10"]
[White "Moore, Harry"]
[Black "North, Robert"]
[Result "0-1"]
[WhiteElo "2215"]
[BlackElo "1940"]
[PlyCount "94"]
[EventDate "2014.04.18"]
[EventType "swiss"]
[EventRounds "6"]
[EventCountry "CAN"]

1. d4 Nf6 2. c4 g6 3. Nc3 d5 4. Qb3 c6 5. cxd5 cxd5 6. Bg5 e6 7. e3 Bg7 8. Bd3
O-O 9. Nf3 Nc6 10. Ne5 Qa5 11. Nxc6 bxc6 12. Qa4 Qb6 13. O-O c5 14. dxc5 Qxc5
15. Rfc1 Qb6 16. b4 Bd7 17. Qb3 d4 18. Na4 Bxa4 19. Qxa4 Nd5 20. Be4 dxe3 21.
Bxe3 Nxe3 22. Bxa8 Bxa1 23. Rxa1 Rxa8 24. fxe3 Qxe3+ 25. Kh1 Rd8 26. h3 Qf2 27.
a3 Rd2 28. Qc6 Qd4 29. Rf1 Qd7 30. Qc4 Qd5 31. Qc8+ Kg7 32. Qc3+ e5 33. Qg3 Rd3
34. Qg5 Rxh3+ 35. Kg1 Qd4+ 36. Rf2 Qd1+ 37. Rf1 Rh1+ 38. Kxh1 Qxf1+ 39. Kh2
Qf4+ 40. Qxf4 exf4 41. b5 Kf6 42. a4 Ke6 43. a5 Kd6 44. Kh3 f5 45. Kh2 Kc5 46.
b6 axb6 47. a6 Kc6 0-1

[Event "Grand Pacific op"]
[Site "Victoria CAN"]
[Date "2014.04.21"]
[Round "6.14"]
[White "Landingin, Jofrei"]
[Black "Yoos, John"]
[Result "0-1"]
[WhiteElo "1853"]
[BlackElo "2394"]
[PlyCount "98"]
[EventDate "2014.04.18"]
[EventType "swiss"]
[EventRounds "6"]
[EventCountry "CAN"]

1. g3 e5 2. Bg2 Nc6 3. c4 g6 4. b3 Bg7 5. Bb2 Nge7 6. Nc3 O-O 7. Nh3 d6 8. O-O
h6 9. f4 Be6 10. e4 Qd7 11. Nf2 Nd4 12. Kh1 c6 13. Ne2 Nxe2 14. Qxe2 c5 15. Nd1
Bg4 16. Bf3 Be6 17. Ne3 Rae8 18. Nd5 Nc6 19. Bg2 f5 20. d3 exf4 21. Bxg7 Qxg7
22. Nxf4 Bf7 23. Qd2 g5 24. Nd5 Bxd5 25. cxd5 Nd4 26. Rae1 fxe4 27. Bxe4 Re7
28. Qd1 Ref7 29. Kg2 Rf6 30. Rxf6 Qxf6 31. Qh5 Nc2 32. Rg1 Ne3+ 33. Kh1 Kg7 34.
Qe2 Qf2 35. Qxf2 Rxf2 36. Ra1 Kf6 37. h3 Ke5 38. Kg1 Rd2 39. Re1 Kd4 40. Ra1 b5
41. a4 b4 42. Rb1 Kc3 43. Ra1 Rd1+ 44. Rxd1 Nxd1 45. h4 Kxb3 46. Kg2 Kc3 47.
Kf3 Kd4 48. hxg5 hxg5 49. Kg4 b3 0-1

[Event "Grand Pacific op U1800"]
[Site "Victoria CAN"]
[Date "2014.04.19"]
[Round "2.35"]
[White "Diemert, Elroy"]
[Black "Qu, Leo"]
[Result "0-1"]
[WhiteElo "1653"]
[BlackElo "1369"]
[PlyCount "98"]
[EventDate "2014.04.18"]
[EventType "swiss"]
[EventRounds "6"]
[EventCountry "CAN"]

1. e4 c5 2. d4 cxd4 3. c3 Nf6 4. e5 Nd5 5. cxd4 Nc6 6. Nf3 e6 7. a3 d6 8. Bb5
Qb6 9. Bxc6+ Qxc6 10. O-O Be7 11. Bg5 O-O 12. Qd3 f5 13. exd6 Qxd6 14. Nbd2
Bxg5 15. Nxg5 Nf4 16. Qc4 Qd5 17. Ngf3 Rd8 18. Rfe1 b6 19. Qxd5 Rxd5 20. Re3
Ba6 21. b3 Ne2+ 22. Kh1 Nxd4 23. Nxd4 Rxd4 24. Nf3 Rd3 25. Rae1 Re8 26. Rxd3
Bxd3 27. Re3 Be4 28. Ng5 Bd5 29. h4 h6 30. Nh3 e5 31. Nf4 Bf7 32. Nd3 e4 33.
Nf4 Kh7 34. h5 Rc8 35. Kh2 Rc2 36. Kg3 Rc1 37. Ne2 Rh1 38. Nf4 Bxh5 39. Nd5 g5
40. f4 Rd1 41. Ne7 Rf1 42. Nxf5 gxf4+ 43. Kh2 fxe3 44. Nxe3 Rb1 45. b4 Rb3 46.
g4 Rxe3 47. gxh5 Rxa3 48. Kg2 Kg7 49. Kf2 Kf6 0-1

[Event "Grand Pacific op U1800"]
[Site "Victoria CAN"]
[Date "2014.04.19"]
[Round "2.37"]
[White "Wright, Polly"]
[Black "Cooper, Alexander"]
[Result "1-0"]
[WhiteElo "1700"]
[BlackElo "1362"]
[PlyCount "73"]
[EventDate "2014.04.18"]
[EventType "swiss"]
[EventRounds "6"]
[EventCountry "CAN"]

1. c4 e6 2. Nc3 d5 3. cxd5 exd5 4. d4 Nf6 5. Bg5 Be7 6. Nf3 O-O 7. e3 Bg4 8.
Be2 Nbd7 9. Qb3 Qc8 10. Bxf6 Nxf6 11. Nxd5 Nxd5 12. Qxd5 Bb4+ 13. Kf1 Be6 14.
Qb5 Bd6 15. Ng5 c6 16. Qd3 Bf5 17. e4 Bg6 18. h4 Be7 19. Nf3 f6 20. Qb3+ Bf7
21. Bc4 Bxc4+ 22. Qxc4+ Kh8 23. h5 Re8 24. Nh4 h6 25. Qf7 c5 26. Ng6+ Kh7 27.
Nxe7 Qc7 28. Qg6+ Kh8 29. Nd5 Qd6 30. dxc5 Qxc5 31. Nc3 Rad8 32. Rh3 Qc4+ 33.
Kg1 b5 34. Rg3 Rg8 35. Nd5 Rde8 36. Nxf6 gxf6 37. Qxh6# 1-0

[Event "Grand Pacific op U1800"]
[Site "Victoria CAN"]
[Date "2014.04.20"]
[Round "4.40"]
[White "Wright, Polly"]
[Black "Lee, Daniel"]
[Result "1-0"]
[WhiteElo "1700"]
[BlackElo "1226"]
[PlyCount "51"]
[EventDate "2014.04.18"]
[EventType "swiss"]
[EventRounds "6"]
[EventCountry "CAN"]

1. c4 e6 2. Nc3 c5 3. Nf3 b6 4. d4 cxd4 5. Nxd4 Bc5 6. Ndb5 a6 7. Nd6+ Bxd6 8.
Qxd6 Nc6 9. e4 Qf6 10. Be3 Rb8 11. Rc1 e5 12. Qd2 Nge7 13. Rd1 h6 14. Be2 O-O
15. O-O Rd8 16. Na4 Nd4 17. Bxd4 exd4 18. Qxd4 Qxd4 19. Rxd4 Nc6 20. Rd6 b5 21.
cxb5 axb5 22. Nc5 Ra8 23. Bxb5 Ne5 24. a3 Ra5 25. a4 Nc6 26. Nb3 1-0

[Event "Grand Pacific op U1800"]
[Site "Victoria CAN"]
[Date "2014.04.21"]
[Round "6.38"]
[White "Qu, Leo"]
[Black "Zheng, Victor"]
[Result "1-0"]
[WhiteElo "1460"]
[BlackElo "1482"]
[PlyCount "57"]
[EventDate "2014.04.18"]
[EventType "swiss"]
[EventRounds "6"]
[EventCountry "CAN"]

1. d4 d5 2. c4 e6 3. Nc3 Nf6 4. Nf3 Be7 5. Bf4 O-O 6. e3 Nbd7 7. Bd3 dxc4 8.
Bxc4 b6 9. O-O Nh5 10. Bg3 Nxg3 11. hxg3 Bb7 12. e4 c5 13. d5 exd5 14. Nxd5 Bd6
15. Qb3 Ne5 16. Nxe5 Bxe5 17. Rad1 Bd4 18. Rfe1 Qg5 19. Nc7 Rad8 20. Nb5 Qf6
21. Nxd4 Rxd4 22. e5 Qc6 23. f3 Qd7 24. e6 Rxd1 25. Rxd1 Qc7 26. Rd7 Qc8 27.
Rxf7 Rxf7 28. e7 Qe8 29. Bxf7+ 1-0

[Event "Guelph Winter Pro-Am"]
[Site "Guelph CAN"]
[Date "2014.01.25"]
[Round "2"]
[White "Plotkin, Victor"]
[Black "Zhou, Qiyu"]
[Result "1/2-1/2"]
[WhiteElo "2426"]
[BlackElo "2212"]
[PlyCount "68"]
[EventDate "2014.01.24"]
[EventType "swiss"]
[EventRounds "5"]
[EventCountry "CAN"]

1. e4 e5 2. Nf3 Nc6 3. Bc4 Bc5 4. O-O d6 5. d3 Nf6 6. Be3 Bb6 7. h3 O-O 8. Nc3
Na5 9. Bb3 Nxb3 10. axb3 Bxe3 11. fxe3 Bd7 12. Qe1 c6 13. Qh4 h6 14. Rf2 Nh7
15. Qg3 Qe7 16. Nh4 Qg5 17. Qxg5 Nxg5 18. Nf5 Bxf5 19. exf5 f6 20. d4 d5 21. b4
a6 22. h4 Nf7 23. Na4 Nd6 24. Nc5 Rf7 25. c3 Re8 26. g4 exd4 27. exd4 Re3 28.
Ne6 Re7 29. h5 Re4 30. Rg2 Nc4 31. Nc5 Rf4 32. Ne6 Re4 33. Nc5 Rf4 34. Ne6 Re4
1/2-1/2

[Event "Guelph Winter Pro-Am"]
[Site "Guelph CAN"]
[Date "2014.01.26"]
[Round "4"]
[White "Starr (Shterenberg), Nava"]
[Black "Hua, Eugene"]
[Result "1-0"]
[WhiteElo "2138"]
[BlackElo "1900"]
[PlyCount "85"]
[EventDate "2014.01.24"]
[EventType "swiss"]
[EventRounds "5"]
[EventCountry "CAN"]

1. e4 e5 2. Nf3 Nc6 3. Nc3 Nf6 4. d4 exd4 5. Nxd4 Bb4 6. Nxc6 bxc6 7. Bd3 d6 8.
O-O h6 9. h3 O-O 10. f4 Re8 11. Qf3 Bc5+ 12. Kh2 Qe7 13. Bd2 Bd4 14. Rae1 Rb8
15. b3 Bd7 16. Nd1 Nh7 17. Ne3 Nf8 18. Qh5 Qf6 19. Nc4 Qe7 20. c3 Bb6 21. Rf3
Nh7 22. e5 dxe5 23. fxe5 Qe6 24. Ref1 Rf8 25. Nxb6 cxb6 26. Bc4 Qe7 27. Rxf7
Rxf7 28. Rxf7 Qc5 29. Rxd7+ Kh8 30. Qe2 Rf8 31. b4 Qf2 32. Qxf2 Rxf2 33. Be3
Rf8 34. Rxa7 b5 35. Bf7 Rb8 36. e6 Nf6 37. Bd4 Nd5 38. e7 Nxe7 39. Rxe7 Rf8 40.
Bb3 Rd8 41. Rxg7 Rxd4 42. Rg8+ Kh7 43. cxd4 1-0

[Event "Guelph Winter Pro-Am U2000"]
[Site "Guelph CAN"]
[Date "2014.01.25"]
[Round "3"]
[White "Van Rooy, Jake"]
[Black "Milinkovic, Mate"]
[Result "1-0"]
[WhiteElo "1715"]
[BlackElo "1812"]
[PlyCount "59"]
[EventDate "2014.01.24"]
[EventType "swiss"]
[EventRounds "5"]
[EventCountry "CAN"]

1. e4 d5 2. Nc3 d4 3. Nce2 e5 4. Nf3 Bd6 5. g3 Nf6 6. d3 c5 7. Bg2 Nc6 8. O-O
b5 9. a4 bxa4 10. Nd2 O-O 11. Rxa4 Be6 12. Nc4 Bxc4 13. Rxc4 Nd7 14. Ra4 Nb6
15. Ra1 c4 16. f4 f6 17. Kh1 Nb4 18. Ng1 cxd3 19. cxd3 Qd7 20. Nf3 Qb5 21. Ne1
Rfc8 22. Qb3+ Kh8 23. Bd2 a5 24. fxe5 fxe5 25. Nf3 Qxd3 26. Qe6 Bc7 27. Ng5 Qc4
28. Qf5 g6 29. Qf6+ Kg8 30. Nf7 1-0

[Event "Guelph Winter Pro-Am U2000"]
[Site "Guelph CAN"]
[Date "2014.01.26"]
[Round "4"]
[White "Surya, Benito"]
[Black "Shah, Omar"]
[Result "1-0"]
[WhiteElo "1570"]
[BlackElo "1950"]
[PlyCount "89"]
[EventDate "2014.01.24"]
[EventType "swiss"]
[EventRounds "5"]
[EventCountry "CAN"]

1. e4 c5 2. Nc3 e6 3. f4 Nc6 4. Nf3 g6 5. Bb5 Nd4 6. O-O a6 7. Be2 Bg7 8. d3
Ne7 9. e5 Nxf3+ 10. Bxf3 d5 11. Qe1 O-O 12. g4 f6 13. exf6 Bxf6 14. Qg3 b5 15.
Be3 Qc7 16. Qf2 Bb7 17. Bxc5 Qxf4 18. Bd1 Qc7 19. Qe3 Be5 20. Rf2 Rxf2 21. Kxf2
Rf8+ 22. Ke2 d4 23. Bxd4 Bxd4 24. Qxd4 Qxh2+ 25. Ke1 Qg2 26. Ne2 Nd5 27. Qg1
Qh3 28. Qg3 Qh6 29. g5 Qg7 30. c3 b4 31. d4 bxc3 32. bxc3 Qf7 33. Rb1 Ba8 34.
Rb8 Qf1+ 35. Kd2 Bc6 36. Rxf8+ Qxf8 37. Qe5 Qf7 38. Qb8+ Kg7 39. Qe5+ Kf8 40.
Qb8+ Qe8 41. Qe5 Kf7 42. Nf4 Qe7 43. Bg4 Nxf4 44. Qxf4+ Kg7 45. Qe5+ {
missing moves} 1-0